[Event "IECC KO email"]
[Site "IECC email"]
[Date "1999.11.05"]
[Round "?"]
[White "Kelly, John D"]
[Black "Reed, Tony"]
[Result "1-0"]
[WhiteElo "1500"]
[BlackElo "1181"]
[PlyCount "53"]
[EventDate "1999.??.??"]
[EventType "tourn (corr)"]
[EventRounds "6"]
[SourceTitle "Corr 2008"]
[Source "ChessBase"]
[SourceDate "2008.06.24"]
[SourceVersion "1"]
[SourceVersionDate "2008.06.24"]
[SourceQuality "1"]

1. e4 e5 2. Nf3 Nc6 3. Bb5 Nf6 4. 0-0 Nxe4 5. d4 Bd6 6. dxe5 Bxe5 7. Bxc6 Bxh2+ 8. Nxh2 dxc6 9. Qxd8+ Kxd8 10. Bf4 g5 11. Be3 Bd7 12. f3 Ng3 13. Bxg5+ Kc8 14. Re1 Rg8 15. Bh4 Nf5 16. Bf2 b6 17. Ng4 Rg7 18. Nc3 Ng3 19. Bxg3 Kb7 20. Re7 Bxg4 21. fxg4 Rxg4 22. Bxc7 Ka6 23. Rxf7 Rag8 24. g3 h5 25. Re1 R8g6 26. Ree7 h4 27. Bf4 1-0

[Event "IECC KO email"]
[Site "IECC email"]
[Date "1999.11.05"]
[Round "?"]
[White "Reed, Tony"]
[Black "Kelly, John D"]
[Result "0-1"]
[WhiteElo "1177"]
[BlackElo "1504"]
[PlyCount "48"]
[EventDate "1999.??.??"]
[EventType "tourn (corr)"]
[EventRounds "6"]
[SourceTitle "Corr 2008"]
[Source "ChessBase"]
[SourceDate "2008.06.24"]
[SourceVersion "1"]
[SourceVersionDate "2008.06.24"]
[SourceQuality "1"]

1. e4 c6 2. d4 d5 3. e5 Bf5 4. Bd3 e6 5. Nf3 Bxd3 6. Qxd3 f6 7. 0-0 Qd7 8. Bd2 c5 9. Re1 f5 10. c3 Nc6 11. Be3 cxd4 12. cxd4 Rc8 13. Nbd2 Nb4 14. Qb3 Nc2 15. Ng5 Nxa1 16. Rxa1 h6 17. Ngf3 g5 18. g3 Ne7 19. Qa3 f4 20. gxf4 Ng6 21. Qxa7 gxf4 22. Bxf4 Nxf4 23. Nb3 Qg7+ 24. Kf1 Qg2+ 0-1

[Event "IECC KO email"]
[Site "IECC email"]
[Date "1999.07.24"]
[Round "?"]
[White "Meyer, Wolfdietrich"]
[Black "Reed, Tony"]
[Result "1-0"]
[WhiteElo "1391"]
[BlackElo "1200"]
[PlyCount "45"]
[EventDate "1999.??.??"]
[EventType "tourn (corr)"]
[EventRounds "6"]
[SourceTitle "Corr 2008"]
[Source "ChessBase"]
[SourceDate "2008.06.24"]
[SourceVersion "1"]
[SourceVersionDate "2008.06.24"]
[SourceQuality "1"]

1. e4 Nf6 2. Nc3 e5 3. Bc4 Bc5 4. d3 Bb4 5. Bd2 d6 6. a3 Bxc3 7. Bxc3 h6 8. Nf3 Bg4 9. h3 Bxf3 10. Qxf3 0-0 11. 0-0-0 Nc6 12. Qg3 Nd4 13. Bxd4 exd4 14. Qf4 Qd7 15. g4 Rad8 16. Rdg1 b5 17. Ba2 Rde8 18. g5 hxg5 19. Qxg5 g6 20. Qxf6 Kh7 21. Rg4 c6 22. Rh4+ Kg8 23. Qh8# 1-0